Občanská a lidská práva

Salvato in:
Dettagli Bibliografici
Altri autori: Pavlíček, Václav
Natura: Libro
Lingua:ceco
Pubblicazione: Praha Aleko 1991
Serie:Prameny a nové proudy právní vědy
Soggetti:
Tags: Aggiungi Tag
Nessun Tag, puoi essere il primo ad aggiungerne!!

MARC

LEADER 00000nam a2200000 4500
001 c003458
005 20250929124123.5
020 |a 80-85341-28-X 
041 0 |a cze 
044 |a CZ 
245 1 0 |a Občanská a lidská práva  |c zost. Václav Pavlíček 
264 1 |a Praha  |b Aleko  |c 1991 
300 |a 127 s. 
490 1 |a Prameny a nové proudy právní vědy 
830 0 |a Prameny a nové proudy právní vědy 
610 2 0 |a práva ľudské 
610 2 0 |a právo občianske 
610 2 0 |a história 
610 2 0 |a ochrana práv občanov 
610 2 0 |a Európsky súd pre ľudské práva 
700 1 |a Pavlíček, Václav